000
00200nam a2200085Ia 4500
008
170620s9999 xx 000 0 und d
100
_a
Babshi P M
245
0
_a
Constitution of India
260
_b
Universal Law Pub.
260
_c
2006
999
_c
29108
_d
29108